000 nam a22 7a 4500
999 _c127180
_d127180
008 171107b xxu||||| |||| 00| 0 eng d
050 _aB3318.B83M67 1997
100 _aMorrison, Robert G.
_937404
245 _aNietzsche and Buddhism
_bA study in Nihlism and ironic affinities
_cRobert G. Morrison
260 _aNew York
_bOxford University Press
_c1997
300 _ax, 250p. ;
_c22cm.
600 _aNietzsche, Friedrich Wilhelm
_d1844-1900
_xViews on Buddhaism
_937405
650 _aBuddhaism
_xDoctrines
_937406
650 _aNihilism
_xReligious aspects
_xBuddhaism
_937407
650 _aNihilism (Philosophy)
_933990
942 _2lcc
_cMONOGRAPH